[Event "Quebec op U2000"]
[Site "Montreal CAN"]
[Date "2001.07.24"]
[Round "5"]
[White "Cloutier, Mario"]
[Black "Solar, Dariusz"]
[Result "0-1"]
[WhiteElo "1984"]
[BlackElo "1800"]
[PlyCount "90"]
[GameId "2160767911563877"]
[EventDate "2001.07.21"]
[EventType "swiss"]
[EventRounds "9"]
[EventCountry "CAN"]
[SourceTitle "EXT 2022"]
[Source "ChessBase"]
[SourceDate "2021.10.06"]
[SourceVersion "1"]
[SourceVersionDate "2021.10.06"]
[SourceQuality "1"]

1. e4 e5 2. Nf3 Nc6 3. Bb5 a6 4. Ba4 Nf6 5. O-O Be7 6. Re1 b5 7. Bb3 d6 8. c3 O-O 9. h3 Re8 10. d4 h6 11. Nbd2 Bf8 12. Nf1 Bd7 13. Ng3 Na5 14. Bc2 c5 15. b3 Nc6 16. d5 Ne7 17. Nh4 g5 18. Nhf5 Nxf5 19. exf5 Bg7 20. h4 gxh4 21. Nh5 Nxh5 22. Qxh5 Qf6 23. Be4 Kf8 24. g4 hxg3 25. fxg3 Ke7 26. g4 Rh8 27. Be3 Ke8 28. a4 Bf8 29. Kg2 Bg7 30. Rh1 b4 31. c4 Bc8 32. Kf3 Kd7 33. Rh2 Bb7 34. Rah1 Rag8 35. Qh3 Kc7 36. Qg3 Bc8 37. Rh5 Qe7 38. Bxh6 Bxh6 39. Rxh6 Rxh6 40. Rxh6 Qg5 41. Rh5 Qd2 42. Rh7 Qd1+ 43. Ke3 Rxg4 44. Rxf7+ Bd7 45. Qf2 Qd4+ 0-1

[Event "Quebec op U2000"]
[Site "Montreal CAN"]
[Date "2001.07.24"]
[Round "5"]
[White "Dominique, Vladimir"]
[Black "Perreault, Jacquelin"]
[Result "1/2-1/2"]
[WhiteElo "1827"]
[BlackElo "1920"]
[PlyCount "61"]
[GameId "2160767911563878"]
[EventDate "2001.07.21"]
[EventType "swiss"]
[EventRounds "9"]
[EventCountry "CAN"]
[SourceTitle "EXT 2022"]
[Source "ChessBase"]
[SourceDate "2021.10.06"]
[SourceVersion "1"]
[SourceVersionDate "2021.10.06"]
[SourceQuality "1"]

1. e4 c5 2. Nf3 d6 3. d4 cxd4 4. Nxd4 Nf6 5. Nc3 a6 6. Bc4 e6 7. Bb3 Nbd7 8. O-O Nc5 9. Be3 Be7 10. f4 Qc7 11. Qf3 O-O 12. g4 Nxb3 13. axb3 b5 14. g5 Nd7 15. Ncxb5 Qb8 16. Nc6 Qxb5 17. Nxe7+ Kh8 18. Nxc8 Raxc8 19. Rf2 Rc6 20. Bd4 e5 21. Bc3 f6 22. g6 f5 23. fxe5 Nxe5 24. Bxe5 Qxe5 25. exf5 Qxb2 26. Raf1 Rxc2 27. Rxc2 Qxc2 28. gxh7 Qc5+ 29. Kg2 Kxh7 30. Qh5+ Kg8 31. Rf3 1/2-1/2

[Event "Quebec op U2000"]
[Site "Montreal CAN"]
[Date "2001.07.24"]
[Round "5"]
[White "Gebhardt, David"]
[Black "Trinh, Tri Bao"]
[Result "1-0"]
[WhiteElo "1851"]
[BlackElo "1982"]
[PlyCount "85"]
[GameId "2160767911563879"]
[EventDate "2001.07.21"]
[EventType "swiss"]
[EventRounds "9"]
[EventCountry "CAN"]
[SourceTitle "EXT 2022"]
[Source "ChessBase"]
[SourceDate "2021.10.06"]
[SourceVersion "1"]
[SourceVersionDate "2021.10.06"]
[SourceQuality "1"]

1. e4 e6 2. d4 d5 3. Nc3 Bb4 4. e5 c5 5. a3 Bxc3+ 6. bxc3 Ne7 7. f4 Nbc6 8. Nf3 Nf5 9. g4 Nh4 10. Be3 Nxf3+ 11. Qxf3 Qa5 12. Bd2 cxd4 13. cxd4 Nxd4 14. Qd1 Qd8 15. h4 Nc6 16. g5 Qb6 17. Bd3 Qd4 18. Rb1 b6 19. Qh5 Ne7 20. Ke2 Nf5 21. Rhg1 g6 22. Qg4 Bd7 23. h5 Ng7 24. hxg6 hxg6 25. Rh1 Rh5 26. Bb4 Nf5 27. Rxh5 Qe3+ 28. Kd1 gxh5 29. Qxh5 O-O-O 30. Bxf5 exf5 31. Rb3 Qxf4 32. Qxf7 Rh8 33. Rc3+ Kb8 34. Bd6+ Kb7 35. Qxd5+ Ka6 36. Qc4+ Qxc4 37. Rxc4 Rg8 38. Rc7 Be6 39. Be7 Rg7 40. Kd2 Bd5 41. Ke3 b5 42. Kd4 Kb6 43. Rd7 1-0

[Event "Quebec op U2000"]
[Site "Montreal CAN"]
[Date "2001.07.24"]
[Round "5"]
[White "Germain, Max"]
[Black "Vezeau, Patrice"]
[Result "0-1"]
[WhiteElo "1656"]
[BlackElo "1831"]
[PlyCount "34"]
[GameId "2160767911563880"]
[EventDate "2001.07.21"]
[EventType "swiss"]
[EventRounds "9"]
[EventCountry "CAN"]
[SourceTitle "EXT 2022"]
[Source "ChessBase"]
[SourceDate "2021.10.06"]
[SourceVersion "1"]
[SourceVersionDate "2021.10.06"]
[SourceQuality "1"]

1. e4 c5 2. c3 d5 3. Bb5+ Bd7 4. Qa4 dxe4 5. Bxd7+ Qxd7 6. Qxe4 Nc6 7. Nf3 Nf6 8. Qc4 e5 9. O-O Bd6 10. Ng5 O-O 11. f3 Rad8 12. Ne4 Nxe4 13. fxe4 Kh8 14. Qe2 f5 15. d3 f4 16. Rf3 g5 17. c4 Nd4 0-1

[Event "Quebec op U2000"]
[Site "Montreal CAN"]
[Date "2001.07.24"]
[Round "5"]
[White "Katch, Gary"]
[Black "Simard, Francois"]
[Result "0-1"]
[WhiteElo "1616"]
[BlackElo "1835"]
[PlyCount "92"]
[GameId "2160767911563881"]
[EventDate "2001.07.21"]
[EventType "swiss"]
[EventRounds "9"]
[EventCountry "CAN"]
[SourceTitle "EXT 2022"]
[Source "ChessBase"]
[SourceDate "2021.10.06"]
[SourceVersion "1"]
[SourceVersionDate "2021.10.06"]
[SourceQuality "1"]

1. e4 c5 2. Nf3 d6 3. d4 cxd4 4. Nxd4 Nf6 5. Nc3 g6 6. Be2 Bg7 7. Be3 O-O 8. h4 Nc6 9. h5 Nxd4 10. Bxd4 Qa5 11. hxg6 hxg6 12. Kf1 b6 13. Qd3 Nh5 14. Bxg7 Kxg7 15. Bxh5 Ba6 16. Nb5 Qxb5 17. Qxb5 Bxb5+ 18. Be2 Rh8 19. Rg1 Bxe2+ 20. Kxe2 Rh4 21. f3 Rc8 22. Kd3 Rh2 23. Rad1 Kf6 24. Rd2 Rch8 25. c4 g5 26. Rf1 Ke5 27. Ke3 e6 28. b3 Rh1 29. Rxh1 Rxh1 30. g3 Rh3 31. Rg2 f5 32. exf5 exf5 33. Kd3 f4 34. gxf4+ Kxf4 35. Kd4 Rxf3 36. Kd5 g4 37. Kxd6 g3 38. Kc6 Rf2 39. Rg1 Rxa2 40. b4 g2 41. Kb7 Kf3 42. c5 bxc5 43. bxc5 Kf2 44. Rb1 g1=Q 45. Rxg1 Kxg1 46. c6 a5 0-1

[Event "Quebec op U2000"]
[Site "Montreal CAN"]
[Date "2001.07.24"]
[Round "5"]
[White "Kayembe, Doris"]
[Black "Amesse, Louis-Philippe"]
[Result "1-0"]
[WhiteElo "1817"]
[BlackElo "1504"]
[PlyCount "62"]
[GameId "2160767911563882"]
[EventDate "2001.07.21"]
[EventType "swiss"]
[EventRounds "9"]
[EventCountry "CAN"]
[SourceTitle "EXT 2022"]
[Source "ChessBase"]
[SourceDate "2021.10.06"]
[SourceVersion "1"]
[SourceVersionDate "2021.10.06"]
[SourceQuality "1"]

1. e4 d6 2. d4 g6 3. Bc4 Bg7 4. Nf3 Nd7 5. Bxf7+ Kxf7 6. Ng5+ Ke8 7. Ne6 Ngf6 8. Nxd8 Kxd8 9. Nc3 e5 10. dxe5 Nxe5 11. h3 Be6 12. O-O Rf8 13. Bg5 Kd7 14. Bxf6 Rxf6 15. Nd5 Rf7 16. c4 c5 17. Qa4+ Nc6 18. Kh1 Raf8 19. f4 Kc8 20. g4 Kb8 21. f5 Bd7 22. Rab1 Be5 23. Qd1 gxf5 24. gxf5 Rg8 25. Rg1 Rfg7 26. Rxg7 Rxg7 27. Qh5 Bd4 28. f6 Rg8 29. Qxh7 Be6 30. Qc7+ Ka8 31. Qxd6 Bxh3 1-0

[Event "Quebec op U2000"]
[Site "Montreal CAN"]
[Date "2001.07.24"]
[Round "5"]
[White "Kougioumoutzakis, Tony"]
[Black "Ross Latour, Jeremie"]
[Result "0-1"]
[WhiteElo "1908"]
[BlackElo "1667"]
[PlyCount "48"]
[GameId "2160767911563883"]
[EventDate "2001.07.21"]
[EventType "swiss"]
[EventRounds "9"]
[EventCountry "CAN"]
[SourceTitle "EXT 2022"]
[Source "ChessBase"]
[SourceDate "2021.10.06"]
[SourceVersion "1"]
[SourceVersionDate "2021.10.06"]
[SourceQuality "1"]

1. e4 c6 2. d4 d5 3. exd5 cxd5 4. c4 e6 5. Nf3 Nc6 6. Nc3 Nf6 7. Bd3 dxc4 8. Bxc4 Be7 9. O-O O-O 10. a3 a6 11. Bb3 b5 12. Qd3 Bd6 13. Bc2 Ne7 14. Ne4 Ng6 15. Neg5 Bb7 16. Re1 Re8 17. Nxf7 Kxf7 18. Ng5+ Kg8 19. Nxh7 Nxh7 20. Qxg6 Qh4 21. Re5 Bxe5 22. dxe5 Nf8 23. Qd3 Red8 24. Qe2 Qc4 0-1

[Event "Quebec op U2000"]
[Site "Montreal CAN"]
[Date "2001.07.24"]
[Round "5"]
[White "Leclair, Hugues"]
[Black "Saint James, Sonny"]
[Result "1-0"]
[WhiteElo "1782"]
[BlackElo "2013"]
[PlyCount "53"]
[GameId "2160767911563884"]
[EventDate "2001.07.21"]
[EventType "swiss"]
[EventRounds "9"]
[EventCountry "CAN"]
[SourceTitle "EXT 2022"]
[Source "ChessBase"]
[SourceDate "2021.10.06"]
[SourceVersion "1"]
[SourceVersionDate "2021.10.06"]
[SourceQuality "1"]

1. e4 c5 2. b4 cxb4 3. a3 bxa3 4. Bxa3 d6 5. Nf3 g6 6. Bc4 Nc6 7. O-O Bg7 8. c3 Nh6 9. d4 O-O 10. Nbd2 Bd7 11. Re1 Qc7 12. Bd5 b5 13. e5 Rab8 14. e6 fxe6 15. Bxe6+ Bxe6 16. Rxe6 Nd8 17. Re2 Qxc3 18. Rxe7 b4 19. Ne4 Qc6 20. Rxg7+ Kxg7 21. d5 Qd7 22. Bb2+ Kg8 23. Qd4 Nf5 24. Qh8+ Kf7 25. Qxh7+ Ke8 26. Qxg6+ Qf7 27. Nf6+ 1-0

[Event "Quebec op U2000"]
[Site "Montreal CAN"]
[Date "2001.07.24"]
[Round "5"]
[White "Morinvil, Geffrard"]
[Black "Courteau, Julien"]
[Result "0-1"]
[WhiteElo "1733"]
[BlackElo "1942"]
[PlyCount "88"]
[GameId "2160767911563885"]
[EventDate "2001.07.21"]
[EventType "swiss"]
[EventRounds "9"]
[EventCountry "CAN"]
[SourceTitle "EXT 2022"]
[Source "ChessBase"]
[SourceDate "2021.10.06"]
[SourceVersion "1"]
[SourceVersionDate "2021.10.06"]
[SourceQuality "1"]

1. Nf3 Nf6 2. b3 e6 3. Bb2 b6 4. g3 Bb7 5. Bg2 Be7 6. c4 O-O 7. Qc2 c5 8. Bxf6 Bxf6 9. Ng5 Bxg5 10. Bxb7 Nc6 11. Bxa8 Qxa8 12. O-O Nd4 13. Qd3 f5 14. f4 Bf6 15. Nc3 Rd8 16. e4 g6 17. e5 Bg7 18. Ne2 Nc6 19. Qf3 d6 20. d4 cxd4 21. Rad1 dxe5 22. fxe5 Bxe5 23. Nf4 Qc8 24. Rfe1 Rd6 25. Nd3 Bg7 26. Qf4 Qd8 27. Re2 Qd7 28. Rde1 e5 29. Qc1 e4 30. c5 Rd5 31. cxb6 axb6 32. Rc2 Rd6 33. Nb4 Ne7 34. Rc7 Qe6 35. Qg5 Qf6 36. Qd2 h6 37. Rec1 d3 38. Kf1 g5 39. Rd1 Ng6 40. Qe3 f4 41. Qxe4 fxg3+ 42. Kg2 Qf2+ 43. Kh3 Qxh2+ 44. Kg4 Ne5+ 0-1

[Event "Quebec op U2000"]
[Site "Montreal CAN"]
[Date "2001.07.24"]
[Round "5"]
[White "Morissette, Jean-Sebastien"]
[Black "Metivier, Nicolas"]
[Result "0-1"]
[WhiteElo "1854"]
[BlackElo "1941"]
[PlyCount "126"]
[GameId "2160767911563886"]
[EventDate "2001.07.21"]
[EventType "swiss"]
[EventRounds "9"]
[EventCountry "CAN"]
[SourceTitle "EXT 2022"]
[Source "ChessBase"]
[SourceDate "2021.10.06"]
[SourceVersion "1"]
[SourceVersionDate "2021.10.06"]
[SourceQuality "1"]

1. d4 Nf6 2. Bg5 g6 3. Bxf6 exf6 4. e3 Bg7 5. Bd3 O-O 6. Ne2 d6 7. c3 f5 8. h4 h5 9. Nd2 Nd7 10. Qc2 c6 11. O-O-O Nf6 12. Nf4 Re8 13. Kb1 a5 14. Rde1 Bd7 15. Nf3 Ne4 16. Nh3 b5 17. Ka1 b4 18. Nhg5 bxc3 19. bxc3 Nf6 20. Rb1 Qc7 21. Qb3 Nd5 22. Bc4 Rab8 23. Qc2 Rxb1+ 24. Rxb1 Rb8 25. Rxb8+ Qxb8 26. Qb3 Qc7 27. Nxf7 Kxf7 28. Ng5+ Ke8 29. e4 fxe4 30. Nxe4 Bf5 31. Bxd5 cxd5 32. Qxd5 Bxe4 33. Qxe4+ Kf7 34. Qd5+ Kf8 35. Kb2 Bf6 36. Kc2 Bxh4 37. Qe4 Bf6 38. Qxg6 Qf7 39. Qh6+ Kg8 40. Kd3 d5 41. f3 Qh7+ 42. Qxh7+ Kxh7 43. c4 dxc4+ 44. Kxc4 Kg7 45. Kb5 Bd8 46. Kc6 Kf7 47. Kd5 h4 48. Ke4 Ke6 49. f4 Bb6 50. d5+ Kf6 51. Kf3 Kf5 52. d6 Ke6 53. Kg4 Bf2 54. f5+ Kxd6 55. Kg5 Ke7 56. Kg6 Kf8 57. Kf6 Be1 58. Kg6 Ke7 59. Kg5 Kf7 60. Kg4 Kf6 61. Kf4 Bd2+ 62. Kg4 a4 63. Kxh4 Kxf5 0-1

[Event "Quebec op U2000"]
[Site "Montreal CAN"]
[Date "2001.07.24"]
[Round "5"]
[White "Nunez, Omar"]
[Black "Cardin, Guillaume"]
[Result "1/2-1/2"]
[WhiteElo "1995"]
[BlackElo "1879"]
[PlyCount "49"]
[GameId "2160767911563887"]
[EventDate "2001.07.21"]
[EventType "swiss"]
[EventRounds "9"]
[EventCountry "CAN"]
[SourceTitle "EXT 2022"]
[Source "ChessBase"]
[SourceDate "2021.10.06"]
[SourceVersion "1"]
[SourceVersionDate "2021.10.06"]
[SourceQuality "1"]

1. f4 d5 2. d3 Nf6 3. c3 c5 4. Qc2 Nc6 5. e4 e5 6. Nf3 Bd6 7. f5 O-O 8. Bg5 d4 9. Bxf6 Qxf6 10. g4 g6 11. h4 Qe7 12. Qg2 gxf5 13. gxf5+ Kh8 14. Rg1 Qf6 15. Nbd2 Bd7 16. Qg5 Be7 17. Qh5 Rg8 18. Rxg8+ Rxg8 19. Ng5 h6 20. Ndf3 Rg7 21. Be2 Kg8 22. Nh3 Rg3 23. Nf2 Qg7 24. O-O-O f6 25. Nh1 1/2-1/2

[Event "Quebec op U2000"]
[Site "Montreal CAN"]
[Date "2001.07.24"]
[Round "5"]
[White "Proulx, Denis"]
[Black "Balogh, Alex"]
[Result "0-1"]
[WhiteElo "1930"]
[BlackElo "1840"]
[PlyCount "54"]
[GameId "2160767911563888"]
[EventDate "2001.07.21"]
[EventType "swiss"]
[EventRounds "9"]
[EventCountry "CAN"]
[SourceTitle "EXT 2022"]
[Source "ChessBase"]
[SourceDate "2021.10.06"]
[SourceVersion "1"]
[SourceVersionDate "2021.10.06"]
[SourceQuality "1"]

1. e4 g6 2. d4 Bg7 3. Bc4 d6 4. Nf3 Nf6 5. Qe2 Nc6 6. h3 e5 7. dxe5 Nxe5 8. Nxe5 dxe5 9. O-O c6 10. Rd1 Qc7 11. Nc3 O-O 12. a4 Nd7 13. a5 Re8 14. b4 Nf8 15. b5 Ne6 16. b6 axb6 17. axb6 Qb8 18. Rxa8 Qxa8 19. Bxe6 Bxe6 20. Bg5 Qa5 21. Qe3 Bf8 22. Rd8 Rxd8 23. Bxd8 Bc5 24. Qg3 Bd4 25. Qg5 Qxc3 26. Be7 Qe1+ 27. Kh2 Qxf2 0-1

[Event "Quebec op U2000"]
[Site "Montreal CAN"]
[Date "2001.07.24"]
[Round "5"]
[White "Ramaswamy, Kiran"]
[Black "Gauthier, Denis"]
[Result "1-0"]
[WhiteElo "1880"]
[BlackElo "1969"]
[PlyCount "55"]
[GameId "2160767911563889"]
[EventDate "2001.07.21"]
[EventType "swiss"]
[EventRounds "9"]
[EventCountry "CAN"]
[SourceTitle "EXT 2022"]
[Source "ChessBase"]
[SourceDate "2021.10.06"]
[SourceVersion "1"]
[SourceVersionDate "2021.10.06"]
[SourceQuality "1"]

1. c4 Nf6 2. g3 e6 3. Nf3 d5 4. b3 Nbd7 5. Bg2 c6 6. O-O Be7 7. d3 O-O 8. Bb2 Qc7 9. Nbd2 c5 10. cxd5 exd5 11. Rc1 b6 12. b4 Bb7 13. bxc5 bxc5 14. Re1 Rfe8 15. Qc2 Rac8 16. d4 Qb8 17. Qb1 Ne4 18. dxc5 Bxc5 19. e3 Bb4 20. Red1 Rxc1 21. Bxc1 Bc3 22. Bb2 Ndc5 23. Nxe4 Nxe4 24. Nd4 Rc8 25. Nf5 Qc7 26. Bxe4 dxe4 27. Bxc3 Qxc3 28. Qxb7 1-0

[Event "Quebec op U2000"]
[Site "Montreal CAN"]
[Date "2001.07.24"]
[Round "5"]
[White "Robidas, Francois"]
[Black "Desmarais, Emmanuel"]
[Result "0-1"]
[WhiteElo "1880"]
[BlackElo "1955"]
[PlyCount "80"]
[GameId "2160767911563890"]
[EventDate "2001.07.21"]
[EventType "swiss"]
[EventRounds "9"]
[EventCountry "CAN"]
[SourceTitle "EXT 2022"]
[Source "ChessBase"]
[SourceDate "2021.10.06"]
[SourceVersion "1"]
[SourceVersionDate "2021.10.06"]
[SourceQuality "1"]

1. Nf3 c6 2. c4 d5 3. cxd5 cxd5 4. d4 Nf6 5. Nc3 Nc6 6. Bf4 Qb6 7. e3 Bf5 8. Bd3 Bxd3 9. Qxd3 e6 10. O-O Be7 11. a3 Na5 12. Nd2 Rc8 13. b4 Nc4 14. Rfc1 O-O 15. Na4 Qc6 16. Nc5 b6 17. Ncb3 Qb5 18. Qe2 Nxa3 19. Qf3 Bxb4 20. h4 a5 21. Nf1 Ne4 22. Ng3 a4 23. Rxc8 Rxc8 24. Nc1 Nxg3 25. Qxg3 Bf8 26. Be5 Qb2 27. Nd3 Qxa1+ 28. Kh2 Nc4 29. h5 Nxe5 30. Nxe5 Qd1 31. f3 Qc2 32. e4 dxe4 33. Qf4 Qc7 34. Qg4 exf3 35. gxf3 Qc2+ 36. Kg3 Qf5 37. Qh4 g6 38. Ng4 Bd6+ 39. Kg2 a3 40. Qh1 a2 0-1

[Event "Quebec op U2000"]
[Site "Montreal CAN"]
[Date "2001.07.25"]
[Round "6"]
[White "Airapetyan, David"]
[Black "Cloutier, Mario"]
[Result "0-1"]
[WhiteElo "1849"]
[BlackElo "1984"]
[PlyCount "58"]
[GameId "2160767911563892"]
[EventDate "2001.07.21"]
[EventType "swiss"]
[EventRounds "9"]
[EventCountry "CAN"]
[SourceTitle "EXT 2022"]
[Source "ChessBase"]
[SourceDate "2021.10.06"]
[SourceVersion "1"]
[SourceVersionDate "2021.10.06"]
[SourceQuality "1"]

1. d4 d5 2. c4 c6 3. Nf3 Nf6 4. e3 e6 5. Nbd2 Nbd7 6. Bd3 Be7 7. e4 dxe4 8. Nxe4 Nxe4 9. Bxe4 Nf6 10. Bc2 c5 11. O-O O-O 12. Bg5 b6 13. Qd3 g6 14. Rad1 Bb7 15. Rfe1 Qc7 16. dxc5 Qxc5 17. Ne5 Rfd8 18. Qc3 Ng4 19. Nxg4 Qxg5 20. h3 h5 21. Re5 Qf4 22. g3 Qf3 23. Nh6+ Kf8 24. Qxf3 Bxf3 25. Rxd8+ Rxd8 26. g4 Rd2 27. Bb3 Rxb2 28. g5 Rb1+ 29. Kh2 Bd6 0-1

[Event "Quebec op U2000"]
[Site "Montreal CAN"]
[Date "2001.07.25"]
[Round "6"]
[White "Airapetyan, David"]
[Black "Zafirov, Stephane"]
[Result "0-1"]
[WhiteElo "1844"]
[BlackElo "1881"]
[PlyCount "44"]
[GameId "2160767911563893"]
[EventDate "2001.07.21"]
[EventType "swiss"]
[EventRounds "9"]
[EventCountry "CAN"]
[SourceTitle "EXT 2022"]
[Source "ChessBase"]
[SourceDate "2021.10.06"]
[SourceVersion "1"]
[SourceVersionDate "2021.10.06"]
[SourceQuality "1"]

1. d4 Nf6 2. e3 e6 3. Bd3 c5 4. c3 Nc6 5. f4 b6 6. Nf3 Bb7 7. O-O Be7 8. Nbd2 Nd5 9. Nc4 f5 10. Nfe5 Nf6 11. g4 Nxe5 12. fxe5 Nxg4 13. h3 h5 14. hxg4 hxg4 15. Qxg4 Rh1+ 16. Kf2 Rxf1+ 17. Kxf1 fxg4 18. Bg6+ Kf8 19. Bd2 Kg8 20. e4 Ba6 21. b3 Qf8+ 22. Kg1 Qf3 0-1

[Event "Quebec op U2000"]
[Site "Montreal CAN"]
[Date "2001.07.25"]
[Round "6"]
[White "Chichkina, Olya"]
[Black "Mercier, Jean-Guy"]
[Result "1-0"]
[WhiteElo "1901"]
[BlackElo "1715"]
[PlyCount "75"]
[GameId "2160767911563895"]
[EventDate "2001.07.21"]
[EventType "swiss"]
[EventRounds "9"]
[EventCountry "CAN"]
[SourceTitle "EXT 2022"]
[Source "ChessBase"]
[SourceDate "2021.10.06"]
[SourceVersion "1"]
[SourceVersionDate "2021.10.06"]
[SourceQuality "1"]

1. e4 c5 2. Nc3 Nc6 3. f4 e6 4. Nf3 Nge7 5. d4 cxd4 6. Nxd4 Nxd4 7. Qxd4 a6 8. a4 Qc7 9. Be3 Nc6 10. Qd2 Bb4 11. g3 O-O 12. Bg2 Na5 13. Bd4 Nc4 14. Qc1 e5 15. fxe5 Nxe5 16. O-O Bc5 17. Bxc5 Qxc5+ 18. Kh1 Ng4 19. Qd2 Ne3 20. Rf4 Nxg2 21. Kxg2 b6 22. Nd5 a5 23. Raf1 Bb7 24. b3 Rae8 25. c4 Re6 26. h4 Qd6 27. Qf2 f6 28. Qf3 Qe5 29. g4 h6 30. Kh3 Kh8 31. Rg1 Qd4 32. g5 Qxg1 33. gxh6 Bxd5 34. Rg4 Qxg4+ 35. Qxg4 gxh6 36. exd5 Re3+ 37. Kh2 f5 38. Qd4+ 1-0

[Event "Quebec op U2000"]
[Site "Montreal CAN"]
[Date "2001.07.25"]
[Round "6"]
[White "Dion, Jean-Francois"]
[Black "Chagnon, Francois"]
[Result "1-0"]
[WhiteElo "1798"]
[BlackElo "1498"]
[PlyCount "103"]
[GameId "2160767911563896"]
[EventDate "2001.07.21"]
[EventType "swiss"]
[EventRounds "9"]
[EventCountry "CAN"]
[SourceTitle "EXT 2022"]
[Source "ChessBase"]
[SourceDate "2021.10.06"]
[SourceVersion "1"]
[SourceVersionDate "2021.10.06"]
[SourceQuality "1"]

1. d4 Nf6 2. Nf3 d5 3. Bf4 e6 4. e3 Bd6 5. Bxd6 Qxd6 6. Nbd2 O-O 7. Bd3 Nbd7 8. c4 c5 9. cxd5 Nxd5 10. Ne4 Qe7 11. O-O b6 12. Rc1 Bb7 13. dxc5 Nxc5 14. Nxc5 bxc5 15. Qc2 Nb4 16. Bxh7+ Kh8 17. Qb1 Bxf3 18. gxf3 Qg5+ 19. Kh1 g6 20. Rg1 Qf6 21. Bxg6 fxg6 22. Qxg6 Qxg6 23. Rxg6 Nd3 24. Rc4 Rf7 25. Kg2 Rg7 26. Rg3 a5 27. Rc3 Rd8 28. Kf1 Rb7 29. b3 a4 30. Ke2 axb3 31. axb3 Rbd7 32. f4 Rd5 33. e4 Nxf4+ 34. Kf3 Rf8 35. exd5 Nxd5+ 36. Ke2 Nxc3+ 37. Rxc3 Rf5 38. Re3 e5 39. Rc3 e4 40. Rc4 Rf3 41. Rxc5 Rxb3 42. Rc4 Rh3 43. Rxe4 Rxh2 44. Rg4 Rh7 45. f4 Ra7 46. f5 Rg7 47. Kf3 Rxg4 48. Kxg4 Kg7 49. Kg5 Kf7 50. f6 Kg8 51. Kg6 Kf8 52. f7 1-0

[Event "Quebec op U2000"]
[Site "Montreal CAN"]
[Date "2001.07.25"]
[Round "6"]
[White "Gauthier, Denis"]
[Black "Kougioumoutzakis, Tony"]
[Result "0-1"]
[WhiteElo "1969"]
[BlackElo "1908"]
[PlyCount "52"]
[GameId "2160767911563897"]
[EventDate "2001.07.21"]
[EventType "swiss"]
[EventRounds "9"]
[EventCountry "CAN"]
[SourceTitle "EXT 2022"]
[Source "ChessBase"]
[SourceDate "2021.10.06"]
[SourceVersion "1"]
[SourceVersionDate "2021.10.06"]
[SourceQuality "1"]

1. d4 Nf6 2. c4 c5 3. d5 d6 4. Nc3 g6 5. e4 Bg7 6. Bd3 O-O 7. Nge2 Na6 8. O-O Nc7 9. a3 Rb8 10. Rb1 a5 11. Bg5 Bd7 12. Qd2 Re8 13. f4 b5 14. e5 dxe5 15. fxe5 Ng4 16. d6 Ne6 17. Bxe7 Rxe7 18. dxe7 Qxe7 19. h3 Nxe5 20. Nxb5 Bxb5 21. cxb5 Rd8 22. Qxa5 Nxd3 23. b3 Nd4 24. Nc3 Qe3+ 25. Kh1 Rf8 26. Nd1 Qg3 0-1

[Event "Quebec op U2000"]
[Site "Montreal CAN"]
[Date "2001.07.25"]
[Round "6"]
[White "Gebhardt, David"]
[Black "Lezaic, Jovan"]
[Result "0-1"]
[WhiteElo "1851"]
[BlackElo "1981"]
[PlyCount "70"]
[GameId "2160767911563898"]
[EventDate "2001.07.21"]
[EventType "swiss"]
[EventRounds "9"]
[EventCountry "CAN"]
[SourceTitle "EXT 2022"]
[Source "ChessBase"]
[SourceDate "2021.10.06"]
[SourceVersion "1"]
[SourceVersionDate "2021.10.06"]
[SourceQuality "1"]

1. e4 c5 2. Nf3 d6 3. d4 cxd4 4. Nxd4 Nf6 5. Nc3 Nc6 6. Be3 a6 7. f3 Qc7 8. Qd2 e6 9. O-O-O Be7 10. g4 b5 11. Bxb5 axb5 12. Ndxb5 Qb8 13. Nxd6+ Bxd6 14. Qxd6 Qxd6 15. Rxd6 Ne5 16. Rhd1 O-O 17. Bc5 Re8 18. g5 Nfd7 19. f4 Nxc5 20. fxe5 Bb7 21. R1d4 h6 22. gxh6 gxh6 23. b4 Na4 24. Nb5 Rec8 25. c4 Bc6 26. Kd2 Bxb5 27. cxb5 Nc3 28. b6 Rab8 29. a3 Nb1+ 30. Ke3 Nxa3 31. Rd7 Nc2+ 32. Kd3 Nxd4 33. Rxd4 Rxb6 34. Rc4 Ra8 35. Kd4 Rb5 0-1

[Event "Quebec op U2000"]
[Site "Montreal CAN"]
[Date "2001.07.25"]
[Round "6"]
[White "Gilbert, Erick"]
[Black "Morinvil, Geffrard"]
[Result "1-0"]
[WhiteElo "1851"]
[BlackElo "1733"]
[PlyCount "67"]
[GameId "2160767911563899"]
[EventDate "2001.07.21"]
[EventType "swiss"]
[EventRounds "9"]
[EventCountry "CAN"]
[SourceTitle "EXT 2022"]
[Source "ChessBase"]
[SourceDate "2021.10.06"]
[SourceVersion "1"]
[SourceVersionDate "2021.10.06"]
[SourceQuality "1"]

1. Nf3 b6 2. g3 Bb7 3. Bg2 e6 4. c4 f5 5. O-O Nf6 6. d3 Be7 7. Nc3 O-O 8. a3 a5 9. Rb1 Na6 10. Bd2 Qe8 11. Re1 Qh5 12. h3 d6 13. e4 fxe4 14. Ng5 e5 15. Ngxe4 Qxd1 16. Rbxd1 Nxe4 17. Nxe4 Nc5 18. Nxc5 Bxg2 19. Ne6 Bf3 20. Nxf8 Bxd1 21. Ne6 Bc2 22. Nxc7 Ra7 23. Nd5 Bxd3 24. Nxb6 Rb7 25. Nd5 Bxc4 26. Nxe7+ Rxe7 27. Bxa5 d5 28. Bc3 d4 29. Bxd4 e4 30. f3 Bd3 31. fxe4 Bxe4 32. b4 Kf7 33. b5 g6 34. a4 1-0

[Event "Quebec op U2000"]
[Site "Montreal CAN"]
[Date "2001.07.25"]
[Round "6"]
[White "Marcone, Malcom"]
[Black "Lord, Stephan"]
[Result "1/2-1/2"]
[WhiteElo "1920"]
[BlackElo "1846"]
[PlyCount "97"]
[GameId "2160767911563900"]
[EventDate "2001.07.21"]
[EventType "swiss"]
[EventRounds "9"]
[EventCountry "CAN"]
[SourceTitle "EXT 2022"]
[Source "ChessBase"]
[SourceDate "2021.10.06"]
[SourceVersion "1"]
[SourceVersionDate "2021.10.06"]
[SourceQuality "1"]

1. d4 d5 2. c4 e6 3. Nc3 f5 4. Bf4 Nf6 5. Nf3 c6 6. e3 Bd6 7. c5 Be7 8. b4 a6 9. a4 O-O 10. h4 Ne4 11. Qb3 Nd7 12. g3 Qe8 13. Be2 Ndf6 14. Ne5 Nd7 15. f3 Nxc3 16. Qxc3 Nxe5 17. Bxe5 Qf7 18. a5 Bf6 19. O-O-O Bxe5 20. dxe5 Bd7 21. Qd4 Rae8 22. Rdg1 Re7 23. h5 Kh8 24. f4 Kg8 25. Rh4 Qe8 26. g4 Qd8 27. Rh2 Rff7 28. Rhg2 Qe8 29. Bd3 Qc8 30. Kd2 Qe8 31. Rg3 Qc8 32. R1g2 Qe8 33. Qa1 Bc8 34. Qg1 Qf8 35. g5 g6 36. hxg6 hxg6 37. Rh3 Rh7 38. Rh6 Reg7 39. Rgh2 Qf7 40. Qh1 Bd7 41. Kc3 Qe7 42. Rxh7 Rxh7 43. Rxh7 Qxh7 44. Qxh7+ Kxh7 45. b5 cxb5 46. c6 Bxc6 47. Kb4 Kg7 48. Kc5 Kf7 49. Kd6 1/2-1/2